000 00865nam a22002897a 4500
003 CHAP
005 20220329135752.0
008 971013s r 00010 d
010 _a41791
011 _a42763
035 _a46892
040 _cCHAP
090 _aR-2767
100 0 0 _aMurisier, F.
_979778
245 _aL'enherbement des sols viticoles
500 _aSobretiro de: Revue Suisse Vitic Arboric Hortic. 18 (5): 291-294, 1986
590 _aBATCH-UPD
_b10
_c20130110
_lUCH01
_h2128
590 _aBATCH-UPD
_b10
_c20130410
_lUCH01
_h1438
590 _aBATCH-UPD
_b10
_c20130914
_lUCH01
_h1834
590 _aCONVERSION
_b10
_c20130109
_lUCH01
_h1323
650 1 4 _aSuelos vitícolas.
_9110566
650 1 4 _aVid
_xMalas hierbas.
_9119123
700 0 _aBeuret, E.
_912102
901 _aBK
942 _cREIMP
949 _aR-2767
_bBC
_cR
_d-106805
_eTS1
_i46892
_si
999 _c41791
_d41791